00247nam a2200097Ia 4500008004100000082000800041100001500049245006400064942000600128999001500134240331s9999 xx 000 0 und d bKAS aKasarinlan 0aKasarinlan :ba Philippine quarterly of third world studies cL c5592d5592